00920 a2200169 45000010006000000050017000060080041000230030015000640400040000790800117001192450113002360200018003492640036003673000017004035050304004201000026007245462120260407155821.0260407a1984 arg spa dAR-UNSa-BCEJYS aAR-UNSa-BCEJYSbspacAR-UNSa-BCEJYS a338.2xPolítica económica. Control de la economía. Gestión de la economía. Planificación económica10aDe la dictadura al socialismo democraticopAnálisis sobre el cambio de modelo socioeconómico en España a84-7209-177-5 1aMadrid :bUnion Editorialc1984 a269 p.c21,5 a1. De la dictadura a la autocracia – 2. El modelo socioeconómico de la autocracia: principios, funcionamiento y crisis - 3. El cambio de modelo socioeconómico – 4. Los cambios económicos – 5. Crisis económica y crisis financiera – 6. El cambio del modelo en la política de renta. 1 aNieto de Alba, Ubaldo